| 000 | 00986nam a22002297a 4500 | ||
|---|---|---|---|
| 003 | OSt | ||
| 005 | 20250911165619.0 | ||
| 008 | 240222b ||||| |||| 00| 0 eng d | ||
| 040 | _c0 | ||
| 082 | _aDPer 621.317 Ie21 May 2022 v. 37 n. 5 | ||
| 100 |
_aSun, Jiawei. _eauthor. _953084 |
||
| 245 |
_aOptimal fault-tolerant control of multiphase drives under open-phase/open-switch faults based on DC current injection / _cJiawei Sun, Zedong Zheng, Chi Li, Kui Wang, and Yongdong Li. |
||
| 260 |
_aNew York ; _bThe Institute of Electrical and Electronics Engineers, Inc. , _cMay 2022. |
||
| 300 |
_aVolume 37, pages 5928-5936 : _billustration ; _c28 cm. |
||
| 500 | _aIEEE Transactions on Power Electronics, vol. 37, no. 5, pages 5928-5936, May 2022. | ||
| 700 |
_aSun, Jiawei. _eauthor. _953084 |
||
| 700 |
_aZheng, Zedong. _eauthor. _953085 |
||
| 700 |
_aLi, Chi. _eauthor. _953086 |
||
| 700 |
_aWang, Kui. _eauthor. _953087 |
||
| 700 |
_aLi, Yongdong. _eauthor. _953088 |
||
| 942 |
_2ddc _cPER |
||
| 999 |
_c19301 _d19301 |
||